000 00554nam a2200181Ia 4500
008 100920s9999 xx 000 0 und d
082 _b74462
_a24 थ 99
100 _aदेशपांडे पु.ल.
245 _aवटवट वटवट.
260 _bपरचुरे प्रकाशन मंदिर,मुंबई.
_c1999
300 _a94
_bसाधी
365 _b70
520 _aसायो.
630 _aवटवट वटवट.
650 _aसायो.
730 _aवटवट वटवट.
942 _cBOOK
999 _c716059
_d716056